000 00640nas a2200205 4500
001 BR8403004
003 BR-BrBNA
005 20231205085933.0
007 ta
008 230509b bl.|||p| |||| 00| 00por d
040 _aBR-BrBNA
_bpor
_cBiblioteca Nacional de Agricultura
041 _a(Pt)
072 _aE30
100 1 _aMueller, C.C.
245 1 _aGenese de estrategia agricola no Brasil, uma interpretacao
650 _aDESENVOLVIMENTO AGRICOLA
773 0 _tRevista Brasileira de Economia (Brazil)
_xISSN 0034-7140
_g(Jan-Mar 1984), v. 38(1) p. 3-24
_wBR8403004
909 _a202311
_bLúcia
_c55
_dLúcia Elande
942 _2AGRIS
_n0
_cANA
999 _c114944
_d114944